Statistics for Really Hard Geography Questions #3

Click here to take the quiz!

General Stats

  • This quiz has been taken 3,333 times
    (2,473 since last reset)
  • The average score is 13 of 39

Answer Stats

QuestionAnswer% Correct
Guarani is an official language of which landlocked South American country?Paraguay
89%
West Bengal is a state in what country?India
88%
Turkmenbasy, a large city in Turkmenistan, is located on what inland sea?Caspian Sea
82%
Riga is home to one-third of what countries population?Latvia
76%
Quezon City is the biggest city of the Philipiines, located in what other cities larger metro area?Manila
73%
Desventuradas is an island owned by which South American country?Chile
70%
What is the official language of Gabon?French
70%
El Aioun is a city in the territory of Western Sahara, but also a town in what neighboring African country?Mauritania
67%
The Bambara makes up 36.5% what African countries ethnicity?Mali
61%
Kralicky Sneznik is located on the border of Czech Republic and what other country?Poland
61%
Ingolfr Arnarson was the first settler of a this island. Name the present day country.Iceland
59%
What major line runs through the city of Macapa?Equator
56%
Saint-Laurent-du-Maroni is part of which European countries overseas territory?France
56%
What country was formerly known as the Malagasy Republic?Madagascar
41%
Tartu is the second largest city in what country?Estonia
36%
The Semefe and Bafing rivers, headwaters of the Senegal River, begin in what African country?Guinea
35%
Rio de la Plata divides which two countries?Uruguay and Argentina
35%
The what small island country resides in the Laccadive Sea?Maldives
29%
The Asahan River starts at Lake Toba and ends at the Strait of Malacca on which island?Sumatra
27%
Sutherland Falls was formerly the tallest waterfall in what country?New Zealand
21%
Radonjic and Gazivoda are two of the biggest lakes where?Kosovo
18%
La Paz is one of the capitals of Bolivia, but also a city on what peninsula?Baja California
15%
Kent is one of the fastest growng American cities, located in which state?Washington
13%
Bosaso is a rapidly-growing city in what country?Somalia
11%
Mecklenburg-Vorpommerm is a state in Germany, and Mecklenburg is also a country in what US state?North Carolina
10%
Bata is the second largest city in what country?Equatorial Guinea
9%
Bazarduzu is the highest peak in what country?Azerbaijan
8%
A ria is a physical formation that can often be confused with what other formation?Fjord
8%
Adeje is a very important tourist city on which archipelago?Canary Islands
7%
Le Touqet, a northern resort city in France is known as the "Playground for Rich ____" what?Parisians
5%
What is the biggest city on the Danish island of Bornholm?Ronne
4%
Kumasi, Ghana is in what region of Ghana?Ashanti
3%
Canal de Saint-Barthelemy separates St. Barthelemy from what?Sint Maarten
3%
North Carolina holds the title for the largest freshwater sound in the world. What sound is this?Albemarle Sound
2%
Izmit is in what province?Kocaeli
2%
Russeifa, the fourth largest city in Jordan, is located in which of their governorates?Zarqa
2%
Curaco de Velez is in the what island chain?Chiloe Archipelago
1%
Pelican Bay is located in what inland body of water?Lake Okeechobee
1%
Georges River, near Sydney, Australia, was formerly called what?Tucoerah River
1%

Score Distribution

Percentile by Number Answered

Percent of People with Each Score

Your Score History

You have not taken this quiz since the last reset